Τεχνικές προσομοίωσης φυσικών προβλημάτων : πτυχιακή εργασία
Αποθηκεύτηκε σε:
| Κύριος συγγραφέας: | |
|---|---|
| Συγγραφή απο Οργανισμό/Αρχή: | |
| Μορφή: | Thesis Βιβλίο |
| Γλώσσα: | Greek |
| Δημοσίευση: |
2013
|
| Θέματα: | |
| Διαθέσιμο Online: | http://hdl.handle.net/11610/7209 |
| Ετικέτες: |
Προσθήκη ετικέτας
Δεν υπάρχουν, Καταχωρήστε ετικέτα πρώτοι!
|
MARC
| LEADER | 00000cam a2200000 i 4500 | ||
|---|---|---|---|
| 001 | 1/53509 | ||
| 008 | 140822s2013 gre d | ||
| 035 | |l 10118688 | ||
| 040 | |a GR-MY-UA |b gre |e aacr | ||
| 041 | 0 | |a gre | |
| 082 | 0 | |a 511.8 |2 (22) | |
| 100 | 1 | |a Αργυράκης, Πέτρος. | |
| 245 | 1 | 0 | |a Τεχνικές προσομοίωσης φυσικών προβλημάτων : |b πτυχιακή εργασία / |c Πέτρος Αργυράκης ; [επιβλέπων καθηγητής: Γεώργιος Τσιρτσής |
| 260 | |c 2013 | ||
| 300 | |a 67 σ.; |b διαγρ.; |c 30 εκ. | ||
| 502 | |a Πτυχιακή εργασία – Πανεπιστήμιο Αιγαίου, Λέσβος, 2013. | ||
| 504 | |a Περιλαμβάνει βιβλιογραφία και παράρτημα | ||
| 650 | 0 | 0 | |a Mathematical models |x Case studies. |
| 650 | 0 | 0 | |a Environmental sciences |x Mathematical models. |
| 650 | 0 | 0 | |a Dissertations, Academic |z Greece. |
| 700 | 1 | |a Τσιρτσής, Γεώργιος Ε. |e dgs | |
| 710 | 2 | |a Πανεπιστήμιο Αιγαίου |b Σχολή Περιβάλλοντος |b Τμήμα Επιστημών της Θάλασσας. | |
| 852 | |a INST |b LESVOS |c DIATR |e 20140822 |h 779 |p 005100054776 |q 005100054776 |t DIE |y 23 | ||
| 852 | |a INST |b LESVOS |c DIATR |e 20140822 |h 780 |p 005100054775 |q 005100054775 |t DIE |y 23 | ||
| 856 | |u http://hdl.handle.net/11610/7209 | ||
| 901 | |a BIBL1-2014-2 | ||
| 909 | |a Λ |b 190246 | ||
| 909 | |a Λ |b 190247 | ||
| 924 | |a ΑΡΓΥΡΑΚΗΣ |b ΠΕΤΡΟΣ |y ΛΕΣΒΟΣ |z 2014-01 | ||
| 970 | |a ΤΖΑΦΕΡΗ |b ΕΥΑΓΓΕΛΙΑ |z 2014/08/25 | ||